000
00338 a2200157 4500
001
145623
040
_c
Leonardo Da Vinci
041
_a
Português
082
_a
817 A432
_b
A432
100
_a
ALLEN, Woody
245
_a
Cuca Fundida
260
_b
L e M Pocket
_c
2013
_a
São Paulo
300
_a
160p
362
_a
20130000
942
_c
BK
999
_c
145623
_d
145623